| 000 | 01125nam a22002657a 4500 | ||
|---|---|---|---|
| 001 | BD-DhSAU | ||
| 003 | BD-DhSAU | ||
| 005 | 20250722100841.0 | ||
| 008 | 150420b2005 bg ||||| m||| 00| 0 eng d | ||
| 040 | _aBD-DhSAU | ||
| 082 |
_222 _a630.715 _bJ574 |
||
| 100 |
_aJOARDDER, MD. ANAMUL HAQUE _eRegistration No. # 14-05894 |
||
| 245 |
_aAn assessment of guava yield loss as perceived bythe farmers / _bMS thesis |
||
| 260 |
_aSher-e-Bangla Agricultural Uniersity : _bDepartment of Agricultural Extension and Information System; _c2022. |
||
| 300 |
_aix, 63 p. ; _c30 cm. |
||
| 500 | _aMS thesis of Department of Agricultural Extension and Information System, Faculty of Agriculture, Sher-e-Bangla Agricultural University, Dhaka, Bangladesh | ||
| 504 | _aIncludes bibliographical reference. | ||
| 590 | _aNazmul | ||
| 650 | _aguava yield loss | ||
| 650 | _aperceived by the farmers | ||
| 700 |
_aProf. M. Zahidul Haque _eSuperviser |
||
| 700 |
_aProf. Dr. Muhammad Humayun Kabir _eCo-superviser |
||
| 856 | _uhttp://archive.saulibrary.edu.bd:8080/xmlui/handle/123456789/5331 | ||
| 942 |
_2ddc _cTHESIS |
||
| 999 |
_c17474 _d17473 |
||